[Event "HUN-chT2 Szechenyi 0910"]
[Site "Hungary"]
[Date "2010.02.14"]
[Round "6.12"]
[White "Toth, Daniel"]
[Black "Farkas, Rita"]
[Result "1-0"]
[WhiteElo "2103"]
[BlackElo "1480"]
[PlyCount "75"]
[EventDate "2009.11.08"]
[EventType "team-tourn"]
[EventRounds "11"]
[EventCountry "HUN"]
[SourceTitle "EXT 2011"]
[Source "ChessBase"]
[SourceDate "2010.11.26"]
[SourceVersion "1"]
[SourceVersionDate "2010.11.26"]
[SourceQuality "1"]
[WhiteTeam "Keszthely"]
[BlackTeam "Lovo"]
[WhiteTeamCountry "HUN"]
[BlackTeamCountry "HUN"]

1. e4 e5 2. f4 d6 3. Nf3 Bg4 4. Bc4 Nf6 5. d3 Nc6 6. h3 Bxf3 7. Qxf3 Nd4 8. Qf2 Be7 9. 0-0 0-0 10. Be3 b5 11. Bb3 Nxb3 12. axb3 a6 13. f5 d5 14. Qg3 Qd6 15. Nd2 d4 16. Bf2 c5 17. Nf3 Nd7 18. h4 Rfe8 19. Qh3 Qh6 20. g4 g6 21. g5 Bxg5 22. Nxg5 f6 23. Ne6 Ra7 24. c3 Kh8 25. b4 Rg8 26. Kh2 dxc3 27. bxc3 cxb4 28. cxb4 Raa8 29. Be3 Qh5 30. Ra2 gxf5 31. Rxf5 Qf7 32. Rff2 Qh5 33. Rg2 Rxg2+ 34. Rxg2 a5 35. Nc7 Rd8 36. bxa5 Nb8 37. Nxb5 Rxd3 38. Qc8+ 1-0